000 00225nam a2200097Ia 4500
008 120527s9999 xx 000 0 und d
100 _aKRSMANOVIC,Velibor.
245 _aMalignant cell secretion.
260 _bCRS
942 _cBK
999 _c23940
_d23940